000 00353 a2200169 4500
001 70139
020 _a8532215556
040 _cAnchieta - Itaigara
100 _aMurray, Roseana
240 1 0 _aFelicidade
_lpor
245 1 0 _aFelicidade
300 _a[43p.]
362 0 _a1999
440 1 _aFTD
650 4 _aLiteratura infanto-juvenil
942 _cBK
999 _c70139
_d70139